|
|
|
|
| LEADER |
01542nam a2200277 a 4500 |
| 001 |
2738229 |
| 008 |
090825r19791959nyua b 001 0 eng d |
| 010 |
|
|
|a \\\78027897
|
| 020 |
|
|
|a 0882758578 :
|c $18.50
|
| 040 |
|
|
|a DLC
|c DLC
|d DLC
|
| 082 |
0 |
0 |
|a 551.5
|2 16
|
| 100 |
1 |
|
|a Hess, Seymour L.
|
| 245 |
1 |
0 |
|a Introduction to theoretical meteorology /
|c Seymour L. Hess.
|
| 260 |
|
|
|a Huntington, N.Y. :
|b R. E. Krieger Pub. Co.,
|c 1979, c1959.
|
| 300 |
|
|
|a xiv, 362 p. :
|b ill. ;
|c 24 cm.
|
| 500 |
|
|
|a Reprint of the ed. published by Holt, Rinehart, and Winston, New York.
|
| 504 |
|
|
|a Includes bibliographical references and index.
|
| 541 |
1 |
|
|e 00018256
|
| 650 |
|
0 |
|a Meteorology.
|
| 852 |
4 |
|
|a Ayesha Abed Library
|j General shelf
|
| 999 |
|
|
|c 3573
|d 3573
|
| 952 |
|
|
|0 0
|1 0
|2 ddc
|4 1
|6 551_500000000000000_HES_1979
|7 0
|9 3244
|a BRACUL
|b BRACUL
|c SPS
|d 2009-09-02
|g 408.00
|l 0
|o 551.5 HES
|p 3010018256
|r 2009-09-02
|t 1
|v 416.00
|w 2009-09-02
|y BK
|
| 952 |
|
|
|0 0
|1 0
|2 ddc
|4 1
|6 551_500000000000000_HES_1979
|7 0
|9 10517
|a BRACUL
|b BRACUL
|c SPS
|d 2010-05-25
|l 0
|o 551.5 HES
|p 3010018254
|r 2010-05-25
|t 2
|w 2010-05-25
|y BK
|
| 952 |
|
|
|0 0
|1 0
|2 ddc
|4 1
|6 551_500000000000000_HES_1979
|7 0
|9 16301
|a BRACUL
|b BRACUL
|c SPS
|d 2011-05-05
|l 0
|o 551.5 HES
|p 3010018255
|r 2011-05-05
|t 3
|w 2011-05-05
|y BK
|
| 952 |
|
|
|0 0
|1 0
|2 ddc
|4 1
|6 551_500000000000000_HES_1979
|7 0
|9 16302
|a BRACUL
|b BRACUL
|c SPS
|d 2011-05-05
|l 0
|o 551.5 HES
|p 3010018258
|r 2011-05-05
|t 4
|w 2011-05-05
|y BK
|
| 952 |
|
|
|0 0
|1 0
|2 ddc
|4 1
|6 551_500000000000000_HES_1979
|7 0
|9 16303
|a BRACUL
|b BRACUL
|c SPS
|d 2011-05-05
|l 0
|o 551.5 HES
|p 3010018257
|r 2011-05-05
|t 5
|w 2011-05-05
|y BK
|